000 00542nam a2200193Ia 4500
005 20250923144912.0
008 008 250917s9999 xx 000 0 eng d
037 _aTextual
040 _aDSWL
_beng
_cDSWL
041 _aeng
_2eng
084 _aX:972.73.N5z7, K2
_qDSWL
245 0 _aPublic policy and collective bargaining
_cEd. by J. Shister
260 _aNew York
_bHarper & Row
_c1962
300 _aviii,248p.
365 _aUSD
_b5
925 _g5
942 _cTEXL
_hX:972.73.N5z7, K2
999 _c1444789
_d1444789